Statistics for Countries With The Most Endangered Species

Click here to take the quiz!

General Stats

  • This quiz has been taken 41 times
  • The average score is 8 of 10

Answer Stats

Number Of Endangered SpeciesCountry% Correct
413Brazil
95%
583Indonesia
95%
475United States
95%
542India
92%
435China
90%
540Columbia
69%
665Mexico
69%
385Peru
69%
436Ecuador
41%
553Madagascar
36%

Score Distribution

Percentile by Number Answered

Percent of People with Each Score

Your Score History

You have not taken this quiz